| 000 | 00656 a2200205 4500 | ||
|---|---|---|---|
| 999 |
_c196545 _d196545 |
||
| 005 | 20230714153955.0 | ||
| 010 | _aENG-137402 | ||
| 020 |
_a9789393196064 _c730.00 |
||
| 035 | _aEN-120934 | ||
| 037 | _bDBAD/Pub | ||
| 082 | 1 | 4 | _a536.2 |
| 100 | _aSreekanth, D.V. | ||
| 245 | 1 |
_aHeat Transfer _cD. V. Sreekanth [and] Y. Chandrasekhar Yadav |
|
| 250 | _aFirst edition. | ||
| 260 |
_aHyderabad _bSpectrum Publishing House, _c2023 |
||
| 270 |
_a326/C, level-6, near B K Guda Park, S R Nagar _bHyderabad _e500 038 |
||
| 300 |
_axiv, 314p.; _c25cm(pbk) |
||
| 700 | _aYadav, Y. Chandrasekhar | ||
| 942 |
_cEN _2ddc _h536.2 _mSRE _eFirst edition |
||